000 00842nam a2200217Ii 4500
003 JO-AjNU
008 230605s9999||||xx |||||||||||||| ||und||
017 _a2003/4/828
040 _aJO-AjNU
_bara
_erda
_cJO-AjNU
041 _aara
050 1 4 _aB5338.R38.A48.2005
100 3 _aالالوسي،حسام محي الدين ,
_eauthor
_921108
245 0 0 _aحول العقل والعقلانية العربية :طبيعة، ومستقبلاً ،وتناولاً
250 _aط1
264 3 1 _aعمان:دار القدس للنشر والتوزيع ، 2005
300 _a323ص
336 _atext
_btxt
_2rdacontent
337 _aunmediated
_bn
_2rdamedia
338 _avolume
_bnc
_2rdacarrier
650 4 _aالعقلانية-المذهب العقلي-مدارس علم النفي-الفلسفة-الفلسفة الاسلامية
_921109
999 _aA7278
_c10846
_d10846